000 00663nam a22001937a 4500
999 _c176136
_d176136
005 20201117125349.0
010 _aUR-10931
020 _c400.00
_a9789390100071
035 _aU-9486
037 _bDBAD/PUB
082 _a841
100 _aشفق سو پو ر ی
245 _aر يشم سر ا ب خو ا ب
_cشفق سو پو ر ی
246 _bResham Sarab Khawab(Poetry)(Urdu)
_aby Shafaq Sopori
260 _aN.Delhi
_bEducational Publishing House
_c2020 ء
270 _aH.O.D1/16,Ansari Road,Darya ganj,
_bN.Delhi
_e110002
_k45678285,23216162
_l0091-11-23211540
300 _a232 ص
_c22 Cm(Hb)
942 _2ddc
_cUR
_h841
_mش ف ق